Capitals AND Countries That Start With T - Statistics

General Stats
  • This quiz has been taken 10,944 times
    7,042 since last reset
  • The average score is 17 of 22
Answer Stats
Answer % Correct
Country Turkmenistan
94%
Country Tajikistan
90%
Country Togo
90%
Country Tuvalu
89%
Country Tonga
88%
Country Taiwan
87%
Country Thailand
86%
Country Trinidad and Tobago
86%
Capital Tunis
86%
Country Tunisia
85%
Country Tanzania
84%
Capital Taipei
81%
Capital Tashkent
76%
Capital Tallinn
74%
Capital Tehran
74%
Capital Tirana
69%
Capital Tokyo
69%
Capital Tbilisi
68%
Country Türkiye
68%
Capital Tripoli
66%
Capital Tegucigalpa
65%
Capital Thimphu
65%
No matching quizzes found
Score Distribution
Percent of People with Each Score
Percentile by Number Answered
Your Score History
You have not taken this quiz since the last reset